| 000 | 00591nam a2200205Ia 4500 | ||
|---|---|---|---|
| 008 | 160418s9999 xx 000 0 und d | ||
| 020 | _a971-08-6845-4 | ||
| 050 | _aFIL PL 5517 | ||
| 050 | _b.P34 2007 | ||
| 245 | _aPagbasa at pagsulat tungo sa pananaliksik / | ||
| 245 | _cJose A. Arrogante⦠[et al] | ||
| 260 | _aMandaluyong: | ||
| 260 | _bNational Book Store, | ||
| 260 | _c2007 | ||
| 300 | _a289 pages : | ||
| 300 | _billustrations ; | ||
| 300 | _c23 cm. | ||
| 500 | _aIncludes bibliographical references. | ||
| 650 | _aFilipino language -- Rhetoric -- Study and teaching. | ||
| 999 |
_c293432 _d293432 |
||